Central Library OPAC University of Rajshahi

محاضرات اسلامية من الاذاعة اللاسلكية :[muhadarat asilamiat min aladhaeat allaasilkiat] : (Record no. 72204)

MARC details
000 -LEADER
fixed length control field 01497nam a2200241 a 4500
001 - CONTROL NUMBER
control field 72204
003 - CONTROL NUMBER IDENTIFIER
rucl marc code BD-RjUL
005 - DATE AND TIME OF LATEST TRANSACTION
control field 20220706110718.0
008 - FIXED-LENGTH DATA ELEMENTS--GENERAL INFORMATION
fixed length control field 220704s1947 ua ||||| |000|| ara|d
035 ## - SYSTEM CONTROL NUMBER
System control number (BD-RjUL)72204
040 ## - CATALOGING SOURCE
Original cataloging agency TAU
Language of cataloging eng
Transcribing agency BD-RjUL
041 0# - LANGUAGE CODE
Language code of text/sound track or separate title ara
082 ## - DEWEY DECIMAL CLASSIFICATION NUMBER
Edition number 23
Classification number 297
Author mark and year JAM 1947
090 ## - LOCALLY ASSIGNED LC-TYPE CALL NUMBER (OCLC); LOCAL CALL NUMBER (OCLC)
Classification number (OCLC) (R) ; Classification number, CALL (RLIN) (NR) 297
100 1# - MAIN ENTRY--PERSONAL NAME
Personal name [Al-Jadili, Muhammad Abdul Rahman] الجديلي، محمد عبد الرحمن
9 (RLIN) 3996
245 10 - TITLE STATEMENT
Title محاضرات اسلامية من الاذاعة اللاسلكية :[muhadarat asilamiat min aladhaeat allaasilkiat] :
Remainder of title فى حكم التشريع، واسرار التنزيل، وجلائل العقائد، وكرائم السير، وذخائر التاريخ، وتصوير البطولة، وروائع العظات / [faa hukm altashriei, wasrar altanzili, wajalayil aleaqayidi, wakarayim alsayra, wadhakhayir altaarikhi, wataswir albutulati, warawayie aleizat] /
Statement of responsibility, etc. by Muhammad Abdul Rahman Al-Jadili] بقلم محمد عبد الرحمن الجديلى
260 ## - PUBLICATION, DISTRIBUTION, ETC. (IMPRINT)
Place of publication, distribution, etc. مصر :
Name of publisher, distributor, etc. دار احياء الكتب العربية. عيسى البابي الحلبي،dar ahya' alkutub alearabiati. eisaa albabi alhalbi,
Date of publication, distribution, etc. ١٩٤٧ م. ١٣٦٧ هج.
300 ## - PHYSICAL DESCRIPTION
Pagination ٢٥٥ ص.
500 ## - GENERAL NOTE
General note "وهي مجموعة من المحاضرات الرسمية، أذاع بعضها المؤلف وهو مدير المساجد والبعض الآخر أذاعه حديثا"
General note "المجموعة الاولى"
650 #4 - SUBJECT ADDED ENTRY--TOPICAL TERM
Topical term or geographic name as entry element Islam
942 ## - ADDED ENTRY ELEMENTS (KOHA)
Source of classification or shelving scheme Dewey Decimal Classification
Koha item type Books
Holdings
Lost status Source of classification or shelving scheme Damaged status Not for loan Collection code Permanent Location Current Location Shelving location Date acquired Total Checkouts Full call number Date last seen Copy number Koha item type
  Dewey Decimal Classification   Not For Loan Non-fiction Central Library, University of Rajshahi Central Library, University of Rajshahi Reading Room 04/07/2022   A 297 JAM 1947 04/07/2022 c-1 Books